Запад и Восток в национальной ментальности творца в биографической прозе Н. Н. Берберовой; Казахстан и евразийская идея в новом мире; Т. 2

Podrobná bibliografie
Parent link:Казахстан и евразийская идея в новом мире: сборник докладов международного научного форума : в 2 т./ под ред. А. В. Сидоровича, Е. Б. Сыдыкова.— , 2012
Т. 2.— 2012.— С. 313-319
Hlavní autor: Хатямова М. А. Марина Альбертовна
Korporativní autor: Национальный исследовательский Томский политехнический университет
Shrnutí:В фонде НТБ ТПУ отсутствует
Jazyk:ruština
Vydáno: 2012
Témata:
Médium: MixedMaterials Kapitola
KOHA link:https://koha.lib.tpu.ru/cgi-bin/koha/opac-detail.pl?biblionumber=602139

MARC

LEADER 00000naa0a2200000 4500
001 602139
005 20250908142934.0
035 |a (RuTPU)RU\TPU\tpu\27569 
035 |a RU\TPU\tpu\26768 
090 |a 602139 
100 |a 20150605d2012 k y0rusy50 ca 
101 0 |a rus 
102 |a KZ 
200 1 |a Запад и Восток в национальной ментальности творца в биографической прозе Н. Н. Берберовой  |f М. А. Хатямова 
333 |a В фонде НТБ ТПУ отсутствует 
461 1 |t Казахстан и евразийская идея в новом мире  |o сборник докладов международного научного форума : в 2 т.  |f под ред. А. В. Сидоровича, Е. Б. Сыдыкова  |d 2012 
463 1 |t Т. 2  |v С. 313-319  |d 2012 
600 1 |a Берберова  |b Н. Н.  |c писательница русского зарубежья  |f 1901-1993  |g Нина Николаевна  |2 stltpush  |3 (RuTPU)RU\TPU\pers\7721  |9 1513 
610 1 |a труды учёных ТПУ 
700 1 |a Хатямова  |b М. А.  |c лингвист  |c профессор Томского политехнического университета, кандидат филологических наук  |f 1961-  |g Марина Альбертовна  |3 (RuTPU)RU\TPU\pers\29167 
712 0 2 |a Национальный исследовательский Томский политехнический университет  |c (2009- )  |9 26305 
801 1 |a RU  |b 63413507  |c 20150216 
801 2 |a RU  |b 63413507  |c 20150605  |g RCR 
850 |a 63413507 
942 |c BK